| 000 | 00691nam a2200193 a 4500 | ||
|---|---|---|---|
| 001 | 000004327 | ||
| 005 | 20200929151426.0 | ||
| 008 | 090721s2006 dr a 000 0 spa d | ||
| 040 |
_aDO-SdBNP _bspa _cBNPHU |
||
| 082 |
_axxxx _bL754b |
||
| 245 | 0 | 0 |
_aLínea de base de proyecto : _brincones tecnológicos en 100 aulas de nivel inicial. |
| 260 |
_aSanto Domingo _aSEE, _c2006. |
||
| 300 |
_a134 p. : _bil. ; _c28 cm. |
||
| 500 | _aGestión Educativa 2004-2008 | ||
| 504 | _aIncluye referencias bibliográficas y notas al pie de las páginas | ||
| 504 | _aIncluye bibliografías (p. 94) | ||
| 710 | 1 |
_aSecretaría de Estado de Educación _912759 |
|
| 910 | _avalidado control de calidad Mfileto | ||
| 999 |
_c4136 _d4136 |
||